| 000 | 00535nam a2200181Ia 4500 | ||
|---|---|---|---|
| 999 |
_c29014 _d29014 |
||
| 003 | OSt | ||
| 005 | 20210108112033.0 | ||
| 008 | 190216s9999||||xx |||||||||||||| ||und|| | ||
| 020 | _a9788182644304 | ||
| 040 | _coclc | ||
| 082 |
_a894.812301 _bKUN/K |
||
| 100 |
_a Kunhabdulla, Punathil _96411 |
||
| 245 | 0 |
_aKatthi / _cPunathil Kunhabdulla |
|
| 260 |
_bMathrubhumi Printing & Publishing, _aKozhikode: _c2007. |
||
| 300 | _a116p | ||
| 650 | _aKathakal | ||
| 942 |
_cBK _2ddc _h894.812301 _iKUN/K _k894.812301 _mKUN/K |
||